Words with Two Y's Quiz Stats

 Plays Quiz Updated Oct 14, 2016

Challenge
Share
Tweet
Embed
Score 0/18 Timer 06:00
4 Plays Today
Definition Answer % Correct
All people; they love RaymondEverybody
96.8%
A long journey, Homer's or spaceOdyssey
84%
The practice or condition of having more than one wife at a timePolygamy
71.4%
A word having the same or nearly the same meaning as anotherSynonym
69.3%
The science of the mind or of mental states and processesPsychology
67.6%
Anything that is kept secret or remains unexplained or unknownMystery
59.5%
A man who pursues a life of pleasure without responsibility, often associated with a men's magazinePlayboy
58%
A Dodge sedan, 1980s primetime Soap, or Ming empireDynasty
46.8%
A side roadByway
43.5%
Definition Answer % Correct
Nevertheless; regardlessAnyway
39.4%
Popular business term referring to the cooperative interaction between groupsSynergy
34.4%
Regularity of form or arrangment in terms of corresponding parts; balanceSymmetry
28.5%
1965 Beatles song from the album Help!Yesterday
27.2%
Country whose capital is BishkekKyrgyzstan
25.1%
Condition of having both masculine and feminine characteristicsAndrogyny
24.1%
One inclined to a nomadic, unconventional way of lifeGypsy
18.5%
African tribesmanPygmy
14.8%
The condition of being in a state of general restlessness or excess of movementHyperactivity
14.2%

You're not logged in!

Compare scores with friends on all Sporcle quizzes.
OR
Log In

You Might Also Like...

Show Comments

Extras

Top Quizzes Today


Score Distribution

Your Account Isn't Verified!

In order to create a playlist on Sporcle, you need to verify the email address you used during registration. Go to your Sporcle Settings to finish the process.

Report this User

Report this user for behavior that violates our Community Guidelines.

Details: